|
|
|
|
| LEADER |
00000nam a2200000 a 4500 |
| 001 |
vtls009291333 |
| 003 |
SK-MaSNL |
| 005 |
20260310171028.0 |
| 008 |
240315s2008 xo oab e p 000 0 slo |
| 015 |
|
|
|a SNBA2009/08-04126
|
| 020 |
|
|
|a 9788089248100
|q (brož.)
|
| 035 |
|
|
|a BFDC3F6F-F292-4AA5-8ADD-FEF8D008636A
|
| 035 |
|
|
|a urn:nbn:sk:snk-amldk0
|
| 035 |
|
|
|a urn:nbn:sk:snk-am00902s
|
| 040 |
|
|
|a SNK
|b slo
|c SNK
|e AACR2
|
| 041 |
0 |
|
|a slo
|
| 044 |
|
|
|a xo
|c SK
|
| 072 |
|
7 |
|a 591
|x Všeobecná zoológia
|2 konspekt
|
| 080 |
|
|
|a 59
|2 2001
|
| 080 |
|
|
|a 591.5
|2 2001
|
| 080 |
|
|
|a (075.3)
|2 2001
|
| 100 |
1 |
|
|a Sokolová, Júlia
|4 aut
|9 315676
|
| 245 |
1 |
0 |
|a Špeciálna zoológia a etológia I
|c Júlia Sokolová, Alexander Horváth
|
| 250 |
|
|
|a 1. vyd.
|
| 260 |
|
|
|a Bratislava
|b Proxima press
|c [2008]
|
| 300 |
|
|
|a 288 s.
|b fotogr. (čiast. fareb.), ilustr., mp., sch., tab.
|c 25 cm
|
| 504 |
|
|
|a Bibliogr. s. 273-274. Slovníček odb. termínov. Vznik odb. názvov
|
| 650 |
0 |
7 |
|a zoológia
|2 SNKPH
|9 699
|
| 650 |
0 |
7 |
|a etológia
|2 SNKPH
|9 18564
|
| 650 |
0 |
7 |
|a Zoology
|2 SNKPHeng
|9 266278
|
| 650 |
0 |
7 |
|a Ethology
|2 SNKPHeng
|9 285707
|
| 655 |
|
7 |
|a učebnice stredných škôl
|2 SNKPH
|9 69323
|
| 655 |
|
7 |
|a Textbooks (secondary)
|2 SNKPHeng
|9 276359
|
| 700 |
1 |
|
|a Horváth, Alexander
|4 aut
|9 315678
|
| 919 |
|
|
|a 978-80-89248-10-0
|
| 958 |
|
|
|a NB
|
| 999 |
|
|
|c 656359
|d 658289
|
| 952 |
|
|
|a SNK
|b SNK
|y PREZ
|7 0
|p 17A0587186
|o snkSC 131906/1
|i snk2008/9748
|8 0
|0 0
|1 0
|4 0
|d 2008-05-02
|f 1
|l 0
|r 2025-06-23 00:00:00
|w 2026-02-23
|
| 952 |
|
|
|a SNK
|b SNK
|y VYP
|7 0
|p 17A0587187
|o snkSC 131906/1 D1
|i snk2008/9750
|8 0
|0 0
|1 0
|4 0
|d 2008-05-02
|l 0
|r 2026-02-23 18:37:29
|w 2026-02-23
|